MSSL (Record no. 76367)

MARC details
000 -LEADER
fixed length control field 01576cab a2200205 4500
001 - CONTROL NUMBER
control field ##L132236
008 - FIXED-LENGTH DATA ELEMENTS--GENERAL INFORMATION
fixed length control field 060120n2005 000 0 eng u
035 ## - SYSTEM CONTROL NUMBER
System control number (Sirsi) u132236
041 0# - LANGUAGE CODE
Language code of text/sound track or separate title eng
110 1# - MAIN ENTRY--CORPORATE NAME
Corporate name or jurisdiction name as entry element Royal Institution of Chartered Surveyors
9 (RLIN) 4900
245 00 - TITLE STATEMENT
Title MSSL
260 ## - PUBLICATION, DISTRIBUTION, ETC.
Date of publication, distribution, etc. 2005
490 #0 - SERIES STATEMENT
Series statement RICS Feature
Volume/sequential designation 9 November 2005
520 ## - SUMMARY, ETC.
Summary, etc. Following the successful vote on 1 July 2002, RICS has created a Members Support Service Levy (MSSL) to assist members on limiting their liabilities The service is on a discretionary basis and only available in the UK. This proposal was put to the membership following the "Merrett v Babb" (Abs64182) case concerning the personal suing of an employed surveyor following the bankruptcy of his employer. Members being sued personally and who have no access to professional indemnity insurance (PII) protection may receive defence and advisory services. The service will not cover principals or consultants in private practices who must already carry PII. It is aimed at those who find that, where they believed they were protected by an employer's insurance, have no insurance protection. A mandatory levy will fund this membership benefit and will be included as an amount payable with membership renewal on 1 January 2005.
650 24 - SUBJECT ADDED ENTRY--TOPICAL TERM
Topical term or geographic name entry element MERRETT V BABB
650 ## - SUBJECT ADDED ENTRY--TOPICAL TERM
Topical term or geographic name entry element MEMBER SUPPORT SERVICE LEVY
690 ## - LOCAL SUBJECT ADDED ENTRY--TOPICAL TERM (OCLC, RLIN)
Topical term or geographic name as entry element MANAGEMENT-BUSINESS MANAGEMENT-PROFESSIONAL PRACTICE
856 40 - ELECTRONIC LOCATION AND ACCESS
Uniform Resource Identifier <a href="https://www.rics.org/RICSWEB/getpage.aspx?p=gN82R85j70iUTfmmhXNwxg">https://www.rics.org/RICSWEB/getpage.aspx?p=gN82R85j70iUTfmmhXNwxg</a>
Public note iView the RICS feature free of charge at www.rics.org...
942 ## - ADDED ENTRY ELEMENTS (KOHA)
Suppress in OPAC 0
Holdings
Withdrawn status Lost status Source of classification or shelving scheme Damaged status Not for loan Home library Current library Shelving location Date acquired Total Checkouts Full call number Barcode Date last seen Copy number Price effective from Koha item type
    Dewey Decimal Classification     Virtual Virtual Online 20/01/2006   ONLINE PUBLICATION 132236-2001 06/08/2019 1 06/08/2019 Journal article